| Tag |
First Indicator |
Second Indicator |
Subfields |
| LEADER |
00000nam a2200000 4500 |
| 001 |
in00004222913 |
| 005 |
20200806100526.0 |
| 006 |
m g d |
| 007 |
cr bn |||a|bb| |
| 008 |
910806s1550 enk o 00| | eng d |
| 035 |
|
|
|a (UnM)99843948
|
| 037 |
|
|
|a CL0036000002
|b ProQuest. 789 E. Eisenhower Parkway, Ann Arbor, MI 48108-3218
|
| 037 |
|
|
|a CL0036000003
|b ProQuest. 789 E. Eisenhower Parkway, Ann Arbor, MI 48108-3218
|
| 040 |
|
|
|a Cu-RivES
|c Cu-RivES
|d CStRLIN
|e dcrb
|d WaOLN
|
| 100 |
1 |
|
|a Lever, Thomas,
|d 1521-1577.
|
| 240 |
1 |
0 |
|a Sermon preached the thyrd Sonday in Lent before the kynges Majestie, and his honorable Counsell
|
| 245 |
0 |
2 |
|a A sermon preached ye fourth Su[n]daye in Lente before the Kynges Maiestie. and his honorable Counsell, by Thomas Leauer
|
| 246 |
2 |
|
|a Sermon preached the thyrd Sonday in Lent before the kynges Majestie, and his honorable Counsell.
|
| 246 |
2 |
|
|a Sermon preached ye fourth Sundaye in Lente before the Kynges Majestie. and his honorable Counsell.
|
| 246 |
2 |
|
|a Sermon preached before the Kyng.
|
| 260 |
|
|
|a [Imprynted at London :
|b By Iohn Day dwellinge ouer Aldersgate, beneth saint Martyns. And are to be sold at his shop by the litle conduit in Chepesyde at the sygne of the Resurrection],
|c Anno Domini M.ccccc.l. [1550]
|
| 300 |
|
|
|a 1 online resource ([88] pages)
|
| 336 |
|
|
|a text
|b txt
|2 rdacontent
|
| 337 |
|
|
|a computer
|b c
|2 rdamedia
|
| 338 |
|
|
|a online resource
|b cr
|2 rdacarrier
|
| 500 |
|
|
|a Place of publication and printer's name from colophon.
|
| 500 |
|
|
|a Signatures: A-E F⁴.
|
| 500 |
|
|
|a Running title reads: A sermon preached before the Kyng.
|
| 500 |
|
|
|a A reissue, with quire A reset and the title corrected, of "A sermon preached the thyrd Sondaye in Lente before the kynges Majestie, and his honorable Counsell" (STC 15548).
|
| 500 |
|
|
|a Identified as STC 15550 on UMI microfilm reel 58, and as 15549 on reel 82.
|
| 500 |
|
|
|a Reproductions of the originals in the British Library and the Bodleian Library.
|
| 500 |
|
|
|a Appears at reel 58 (British Library copy) and at reel 82 (Bodleian Library).
|
| 510 |
4 |
|
|a STC (2nd edition)
|c 15548.5.
|
| 533 |
|
|
|a Electronic reproduction.
|b Ann Arbor, Mich. :
|c UMI,
|d 1999-
|f (Early English books online)
|n Digital version of: (Early English books, 1475-1640 ; 58:9, 82:4)
|7 s1999 miun s
|
| 650 |
|
0 |
|a Sermons, English
|y 16th century.
|
| 830 |
|
0 |
|a Early English books online.
|
| 856 |
4 |
0 |
|u http://proxy.library.tamu.edu/login?url=https://search.proquest.com/docview/2264192376
|z Connect to the full text of this electronic book
|t 0
|
| 856 |
4 |
0 |
|u http://proxy.library.tamu.edu/login?url=https://search.proquest.com/docview/2248515568
|z Connect to the full text of this electronic book
|t 0
|
| 999 |
f |
f |
|s 18ec3114-d2ca-3728-9ae9-4ed1b1852f13
|i b664bd65-a821-3698-8de9-de4df727939c
|t 0
|
| 952 |
f |
f |
|a Texas A&M University
|b College Station
|c Electronic Resources
|d Available Online
|t 0
|h No information provided
|
| 998 |
f |
f |
|t 0
|l Available Online
|